[Event "V Open Escacs Xàtiva"]
[Site "Xàtiva, Spain"]
[Date "2019.07.20"]
[Round "8.6"]
[White "Custard Gasco, Daniela Brenda"]
[Black "Martinez Peiro, Gabriel"]
[Result "1/2-1/2"]
[WhiteElo "1811"]
[BlackElo "1965"]
[PlyCount "69"]
[EventDate "2019.??.??"]

1. e4 {[%clk 01:30:30]  [%emt 00:08:16]} 1... c5 {
[%clk 01:28:18]  [%emt 00:03:00]} 2. d3 {[%clk 01:31:16]  [%emt 00:00:12]} 2...
Nc6 {[%clk 01:27:33]  [%emt 00:01:16]} 3. Nf3 {[%clk 01:31:39]  [%emt 00:00:06]
} 3... d6 {[%clk 01:26:44]  [%emt 00:01:20]} 4. g3 {
[%clk 01:31:41]  [%emt 00:00:28]} 4... g6 {[%clk 01:23:40]  [%emt 00:03:35]} 5.
Bg2 {[%clk 01:32:03]  [%emt 00:00:07]} 5... Bg7 {
[%clk 01:24:01]  [%emt 00:00:10]} 6. O-O {[%clk 01:32:25]  [%emt 00:00:06]}
6... e6 {[%clk 01:20:30]  [%emt 00:04:02]} 7. Nbd2 {
[%clk 01:30:58]  [%emt 00:01:56]} 7... Nge7 {[%clk 01:20:31]  [%emt 00:00:29]}
8. Re1 {[%clk 01:29:37]  [%emt 00:01:51]} 8... O-O {
[%clk 01:20:13]  [%emt 00:00:49]} 9. Nf1 {[%clk 01:29:14]  [%emt 00:00:53]}
9... Rb8 {[%clk 01:19:01]  [%emt 00:01:42]} 10. h4 {
[%clk 01:28:10]  [%emt 00:01:33]} 10... b5 {[%clk 01:11:24]  [%emt 00:08:08]}
11. c3 {[%clk 01:16:15]  [%emt 00:12:24]} 11... Qc7 {
[%clk 01:04:16]  [%emt 00:07:39]} 12. Bf4 {[%clk 01:10:40]  [%emt 00:06:05]}
12... e5 {[%clk 01:03:14]  [%emt 00:01:32]} 13. Be3 {
[%clk 01:09:00]  [%emt 00:02:10]} 13... h6 {[%clk 01:02:22]  [%emt 00:01:22]}
14. N1h2 {[%clk 01:06:31]  [%emt 00:02:59]} 14... Be6 {
[%clk 00:59:44]  [%emt 00:03:08]} 15. h5 {[%clk 01:04:57]  [%emt 00:02:04]}
15... g5 {[%clk 00:57:42]  [%emt 00:02:32]} 16. d4 {
[%clk 01:00:12]  [%emt 00:05:15]} 16... exd4 {[%clk 00:48:28]  [%emt 00:09:44]}
17. cxd4 {[%clk 01:00:29]  [%emt 00:00:12]} 17... cxd4 {
[%clk 00:47:29]  [%emt 00:01:29]} 18. Nxd4 {[%clk 01:00:29]  [%emt 00:00:29]}
18... Nxd4 {[%clk 00:45:36]  [%emt 00:02:24]} 19. Bxd4 {
[%clk 01:00:51]  [%emt 00:00:07]} 19... f6 {[%clk 00:42:52]  [%emt 00:03:14]}
20. Rc1 {[%clk 01:00:36]  [%emt 00:00:45]} 20... Qd7 {
[%clk 00:42:48]  [%emt 00:00:34]} 21. Bf3 {[%clk 00:56:05]  [%emt 00:05:01]}
21... Nc6 {[%clk 00:43:03]  [%emt 00:00:15]} 22. Be3 {
[%clk 00:52:09]  [%emt 00:04:26]} 22... Ne5 {[%clk 00:40:42]  [%emt 00:02:51]}
23. Be2 {[%clk 00:51:16]  [%emt 00:01:22]} 23... Rfc8 {
[%clk 00:37:42]  [%emt 00:03:32]} 24. b3 {[%clk 00:45:34]  [%emt 00:06:11]}
24... Rxc1 {[%clk 00:36:18]  [%emt 00:01:54]} 25. Qxc1 {
[%clk 00:45:57]  [%emt 00:00:07]} 25... Ng4 {[%clk 00:31:37]  [%emt 00:05:11]}
26. Nxg4 {[%clk 00:45:40]  [%emt 00:00:48]} 26... Bxg4 {
[%clk 00:31:48]  [%emt 00:00:19]} 27. Qd1 {[%clk 00:41:47]  [%emt 00:04:22]}
27... Bxe2 {[%clk 00:29:53]  [%emt 00:02:25]} 28. Qxe2 {
[%clk 00:41:44]  [%emt 00:00:33]} 28... Re8 {[%clk 00:29:26]  [%emt 00:00:57]}
29. Qf3 {[%clk 00:38:29]  [%emt 00:03:45]} 29... Qe7 {
[%clk 00:29:24]  [%emt 00:00:32]} 30. Bd2 {[%clk 00:37:49]  [%emt 00:01:10]}
30... Qe6 {[%clk 00:27:10]  [%emt 00:02:45]} 31. Bc3 {
[%clk 00:33:27]  [%emt 00:04:51]} 31... Rc8 {[%clk 00:26:31]  [%emt 00:01:08]}
32. Rd1 {[%clk 00:33:23]  [%emt 00:00:34]} 32... Re8 {
[%clk 00:26:17]  [%emt 00:00:45]} 33. Re1 {[%clk 00:33:31]  [%emt 00:00:21]}
33... Rc8 {[%clk 00:26:23]  [%emt 00:00:29]} 34. Rd1 {
[%clk 00:31:08]  [%emt 00:02:49]} 34... Re8 {[%clk 00:25:50]  [%emt 00:01:03]}
35. Re1 {[%emt 00:02:16]} 1/2-1/2

[Event "V Open Escacs Xàtiva"]
[Site "Xàtiva, Spain"]
[Date "2019.07.20"]
[Round "8.7"]
[White "Martinez Lopez, Jose Luis"]
[Black "Soriano Pallas, Rafael"]
[Result "1-0"]
[WhiteElo "1702"]
[BlackElo "1839"]
[PlyCount "95"]
[EventDate "2019.??.??"]

1. c4 {[%clk 01:30:47]  [%emt 00:00:13]} 1... Nf6 {
[%clk 01:30:04]  [%emt 00:00:59]} 2. Nc3 {[%clk 01:31:11]  [%emt 00:00:06]}
2... e5 {[%clk 01:29:51]  [%emt 00:00:40]} 3. g3 {
[%clk 01:31:10]  [%emt 00:00:33]} 3... d5 {[%clk 01:30:03]  [%emt 00:00:16]} 4.
cxd5 {[%clk 01:31:20]  [%emt 00:00:19]} 4... Nxd5 {
[%clk 01:30:25]  [%emt 00:00:13]} 5. Bg2 {[%clk 01:31:40]  [%emt 00:00:09]}
5... Nb6 {[%clk 01:30:39]  [%emt 00:00:13]} 6. d3 {
[%clk 01:31:52]  [%emt 00:00:17]} 6... Nc6 {[%clk 01:30:59]  [%emt 00:00:16]}
7. Nf3 {[%clk 01:31:58]  [%emt 00:00:19]} 7... Be7 {
[%clk 01:30:41]  [%emt 00:01:24]} 8. O-O {[%clk 01:32:17]} 8... O-O {
[%clk 01:30:29]  [%emt 00:00:17]} 9. a3 {[%clk 01:32:28]  [%emt 00:00:37]} 9...
a5 {[%clk 01:30:44]  [%emt 00:00:04]} 10. Re1 {[%clk 01:26:00]  [%emt 00:06:51]
} 10... Be6 {[%clk 01:29:22]  [%emt 00:02:08]} 11. Rb1 {
[%clk 01:25:30]  [%emt 00:00:46]} 11... a4 {[%clk 01:28:30]  [%emt 00:01:22]}
12. e3 {[%clk 01:25:00]  [%emt 00:00:59]} 12... f6 {
[%clk 01:26:49]  [%emt 00:02:11]} 13. d4 {[%clk 01:15:37]  [%emt 00:09:53]}
13... Bb3 {[%clk 01:23:43]  [%emt 00:03:36]} 14. Qd3 {
[%clk 01:12:49]  [%emt 00:03:17]} 14... f5 {[%clk 01:15:06]  [%emt 00:09:10]}
15. Nd2 {[%clk 01:08:36]  [%emt 00:04:43]} 15... e4 {
[%clk 01:07:34]  [%emt 00:08:03]} 16. Qe2 {[%clk 01:08:19]  [%emt 00:01:08]}
16... Bf7 {[%clk 01:07:32]  [%emt 00:00:42]} 17. f3 {
[%clk 01:08:24]  [%emt 00:00:04]} 17... exf3 {[%clk 01:01:08]  [%emt 00:06:41]}
18. Bxf3 {[%clk 01:08:38]  [%emt 00:00:16]} 18... Bf6 {
[%clk 00:59:01]  [%emt 00:02:37]} 19. Qg2 {[%clk 01:06:54]  [%emt 00:02:15]}
19... Re8 {[%clk 00:56:17]  [%emt 00:03:22]} 20. Re2 {
[%clk 00:57:21]  [%emt 00:09:54]} 20... Bg5 {[%clk 00:48:27]  [%emt 00:08:20]}
21. Bxc6 {[%clk 00:50:07]  [%emt 00:07:43]} 21... bxc6 {
[%clk 00:48:05]  [%emt 00:00:58]} 22. Nf3 {[%clk 00:50:25]  [%emt 00:00:14]}
22... Bf6 {[%clk 00:45:06]  [%emt 00:03:20]} 23. Qf2 {
[%clk 00:46:20]  [%emt 00:04:36]} 23... Bc4 {[%clk 00:41:29]  [%emt 00:04:06]}
24. Re1 {[%clk 00:46:29]  [%emt 00:00:35]} 24... Bd3 {
[%clk 00:41:24]  [%emt 00:00:21]} 25. Ra1 {[%clk 00:46:51]  [%emt 00:00:09]}
25... Qe7 {[%clk 00:39:32]  [%emt 00:02:26]} 26. Ne2 {
[%clk 00:41:21]  [%emt 00:05:56]} 26... g5 {[%clk 00:37:08]  [%emt 00:02:54]}
27. Nc3 {[%clk 00:34:52]  [%emt 00:07:25]} 27... Rad8 {
[%clk 00:34:10]  [%emt 00:03:02]} 28. Rd1 {[%clk 00:33:10]  [%emt 00:02:11]}
28... Ba6 {[%clk 00:29:40]  [%emt 00:05:32]} 29. Re1 {
[%clk 00:32:47]  [%emt 00:00:28]} 29... g4 {[%clk 00:26:09]  [%emt 00:03:57]}
30. Nh4 {[%clk 00:31:29]  [%emt 00:01:53]} 30... Bxh4 {
[%clk 00:24:51]  [%emt 00:01:43]} 31. gxh4 {[%clk 00:31:57]  [%emt 00:00:07]}
31... Bd3 {[%clk 00:24:21]  [%emt 00:01:07]} 32. e4 {
[%clk 00:32:00]  [%emt 00:00:19]} 32... Bxe4 {[%clk 00:20:37]  [%emt 00:04:07]}
33. Bg5 {[%clk 00:32:15]  [%emt 00:00:34]} 33... Qg7 {
[%clk 00:19:22]  [%emt 00:01:30]} 34. Bxd8 {[%clk 00:32:16]  [%emt 00:00:26]}
34... Rxd8 {[%clk 00:19:51]  [%emt 00:00:07]} 35. Rad1 {
[%clk 00:32:27]  [%emt 00:00:14]} 35... Bf3 {[%clk 00:19:48]  [%emt 00:00:41]}
36. Rd3 {[%clk 00:32:05]  [%emt 00:00:45]} 36... c5 {
[%clk 00:19:56]  [%emt 00:00:22]} 37. d5 {[%clk 00:28:39]  [%emt 00:03:54]}
37... f4 {[%clk 00:14:23]  [%emt 00:06:04]} 38. Qxc5 {
[%clk 00:19:39]  [%emt 00:09:29]} 38... Nxd5 {[%clk 00:08:01]  [%emt 00:06:52]}
39. Nxd5 {[%clk 00:19:42]  [%emt 00:00:30]} 39... Qxb2 {
[%clk 00:07:32]  [%emt 00:00:59]} 40. Rxf3 {[%clk 00:13:41]  [%emt 00:06:56]}
40... gxf3 {[%clk 00:07:28]  [%emt 00:00:15]} 41. Ne7+ {
[%clk 00:13:32]  [%emt 00:00:29]} 41... Kf7 {[%clk 00:04:13]  [%emt 00:04:06]}
42. Qh5+ {[%clk 00:12:32]  [%emt 00:01:11]} 42... Kf8 {
[%clk 00:03:54]  [%emt 00:00:49]} 43. Qxf3 {[%clk 00:09:36]  [%emt 00:03:24]}
43... Qd2 {[%clk 00:02:49]  [%emt 00:01:35]} 44. Re2 {
[%clk 00:09:32]  [%emt 00:00:34]} 44... Qc1+ {[%clk 00:02:37]  [%emt 00:00:41]}
45. Kg2 {[%clk 00:09:50]  [%emt 00:00:11]} 45... Rd7 {
[%clk 00:02:08]  [%emt 00:01:00]} 46. Qa8+ {[%clk 00:09:46]  [%emt 00:00:36]}
46... Kf7 {[%clk 00:02:12]  [%emt 00:00:28]} 47. Qg8+ {
[%clk 00:10:00]  [%emt 00:00:22]} 47... Kf6 {[%clk 00:02:00]  [%emt 00:00:47]}
48. Re6# {[%clk 00:10:16]} 1-0

[Event "V Open Escacs Xàtiva"]
[Site "Xàtiva, Spain"]
[Date "2019.07.20"]
[Round "8.8"]
[White "Soriano Folch, Jonathan"]
[Black "Martinez Lopez, Jaume"]
[Result "1/2-1/2"]
[WhiteElo "1874"]
[BlackElo "2007"]
[PlyCount "74"]
[EventDate "2019.??.??"]

1. e4 {[%clk 01:30:57]} 1... c6 {[%clk 00:34:41]  [%emt 00:56:23]} 2. Nc3 {
[%clk 01:30:03]  [%emt 00:01:17]} 2... d5 {[%emt 00:00:39]} 3. Nf3 {
[%emt 00:01:15]} 3... Bg4 {[%clk 00:33:49]  [%emt 00:01:11]} 4. h3 {
[%clk 01:29:38]  [%emt 00:00:13]} 4... Bh5 {[%clk 00:34:08]  [%emt 00:00:17]}
5. exd5 {[%clk 01:28:37]  [%emt 00:01:34]} 5... cxd5 {[%clk 00:34:32]} 6. g4 {
[%clk 01:28:55]  [%emt 00:00:15]} 6... Bg6 {[%clk 00:35:00]} 7. Bb5+ {
[%clk 01:28:54]  [%emt 00:00:26]} 7... Nc6 {[%emt 00:01:56]} 8. Ne5 {
[%emt 00:04:51]} 8... Rc8 {[%emt 00:02:47]} 9. h4 {
[%clk 01:21:48]  [%emt 00:02:15]} 9... f6 {[%clk 00:32:34]  [%emt 00:00:12]}
10. Nxg6 {[%clk 01:20:04]  [%emt 00:02:23]} 10... hxg6 {[%emt 00:00:04]} 11. d4
{[%clk 01:17:35]  [%emt 00:03:07]} 11... e6 {[%emt 00:01:48]} 12. Qe2 {
[%emt 00:00:28]} 12... Kf7 {[%emt 00:02:39]} 13. Bxc6 {
[%clk 01:12:43]  [%emt 00:01:51]} 13... Rxc6 {[%emt 00:08:41]} 14. Bd2 {
[%emt 00:06:52]} 14... Bb4 {[%emt 00:00:48]} 15. a3 {
[%clk 01:02:20]  [%emt 00:02:32]} 15... Bxc3 {[%emt 00:00:50]} 16. Bxc3 {
[%clk 01:02:42]} 16... Ne7 {[%emt 00:05:03]} 17. O-O-O {
[%clk 00:56:01]  [%emt 00:02:05]} 17... Nc8 {[%clk 00:26:55]} 18. h5 {
[%clk 00:54:39]  [%emt 00:02:33]} 18... gxh5 {[%clk 00:25:54]  [%emt 00:01:49]}
19. gxh5 {[%clk 00:54:26]} 19... Nd6 {[%clk 00:25:54]  [%emt 00:00:33]} 20. Qg4
{[%clk 00:53:25]} 20... Nf5 {[%clk 00:25:24]  [%emt 00:02:34]} 21. Qg6+ {
[%clk 00:53:13]} 21... Ke7 {[%clk 00:25:35]  [%emt 00:01:11]} 22. Bb4+ {
[%clk 00:53:30]} 22... Kd7 {[%clk 00:25:35]} 23. Qf7+ {[%clk 00:53:30]} 23...
Kc8 {[%clk 00:25:35]} 24. h6 {[%clk 00:53:30]} 24... Rxh6 {[%clk 00:25:35]} 25.
Rxh6 {[%clk 00:53:30]} 25... Nxh6 {[%clk 00:25:35]} 26. Qxg7 {[%clk 00:53:30]}
26... Nf5 {[%clk 00:25:35]} 27. Qg6 {[%clk 00:53:30]} 27... a5 {[%clk 00:25:35]
} 28. Bc3 {[%clk 00:53:30]} 28... Kb8 {[%clk 00:25:35]} 29. Rh1 {
[%clk 00:53:30]} 29... Qc7 {[%clk 00:25:35]} 30. Rh8+ {[%clk 00:53:30]} 30...
Ka7 {[%clk 00:25:35]} 31. Qe8 {[%clk 00:53:30]} 31... Qf4+ {[%clk 00:25:35]}
32. Bd2 {[%clk 00:53:30]} 32... Rxc2+ {[%clk 00:25:35]} 33. Kxc2 {
[%clk 00:53:30]} 33... Nxd4+ {[%clk 00:25:35]} 34. Kd1 {[%clk 00:53:30]} 34...
Qf3+ {[%clk 00:25:35]} 35. Kc1 {[%clk 00:53:30]} 35... Nb3+ {[%clk 00:25:35]}
36. Kc2 {[%clk 00:53:30]} 36... Nd4+ {[%clk 00:25:35]} 37. Kc1 {[%clk 00:53:30]
} 37... Nb3+ {[%clk 00:25:35]} 1/2-1/2

[Event "V Open Escacs Xàtiva"]
[Site "Xàtiva, Spain"]
[Date "2019.07.20"]
[Round "8.9"]
[White "Kocharyan Baghdasaryan, Arman"]
[Black "Ponce Valero, Juan Antonio"]
[Result "1/2-1/2"]
[WhiteElo "1620"]
[BlackElo "1949"]
[PlyCount "71"]
[EventDate "2019.??.??"]

1. e4 {[%clk 01:30:55]  [%emt 00:00:27]} 1... c5 {[%clk 01:31:00]} 2. Nf3 {
[%clk 01:31:08]  [%emt 00:00:03]} 2... Nf6 {[%clk 01:30:12]  [%emt 00:01:13]}
3. e5 {[%clk 01:30:50]  [%emt 00:00:45]} 3... Nd5 {
[%clk 01:30:41]  [%emt 00:00:42]} 4. d4 {[%clk 01:30:13]  [%emt 00:01:18]} 4...
cxd4 {[%clk 01:31:08]} 5. Bc4 {[%clk 01:30:23]} 5... Nb6 {
[%clk 01:28:55]  [%emt 00:02:16]} 6. Bb3 {[%clk 01:30:42]  [%emt 00:00:09]}
6... e6 {[%clk 01:27:52]  [%emt 00:01:33]} 7. c3 {
[%clk 01:30:11]  [%emt 00:01:03]} 7... d6 {[%clk 01:27:30]  [%emt 00:00:51]} 8.
cxd4 {[%clk 01:29:26]  [%emt 00:01:16]} 8... Nc6 {
[%clk 01:27:08]  [%emt 00:00:50]} 9. Nc3 {[%clk 01:28:08]  [%emt 00:01:47]}
9... Be7 {[%clk 01:09:46]  [%emt 00:17:52]} 10. O-O {
[%clk 01:26:11]  [%emt 00:02:27]} 10... a6 {[%clk 01:09:48]  [%emt 00:00:46]}
11. Bf4 {[%clk 01:25:53]  [%emt 00:00:34]} 11... O-O {
[%clk 01:08:58]  [%emt 00:01:16]} 12. exd6 {[%clk 01:18:26]  [%emt 00:07:58]}
12... Bxd6 {[%clk 01:07:58]  [%emt 00:01:32]} 13. Bxd6 {
[%clk 01:17:57]  [%emt 00:01:30]} 13... Qxd6 {[%clk 01:08:25]} 14. d5 {
[%clk 01:18:12]  [%emt 00:00:03]} 14... exd5 {[%clk 01:06:31]  [%emt 00:02:05]}
15. Nxd5 {[%clk 01:18:32]  [%emt 00:00:11]} 15... Nxd5 {
[%clk 01:04:32]  [%emt 00:02:29]} 16. Bxd5 {[%clk 01:18:32]  [%emt 00:00:37]}
16... Qf6 {[%clk 01:04:15]  [%emt 00:00:40]} 17. Qb3 {
[%clk 01:14:19]  [%emt 00:04:53]} 17... Ne7 {[%clk 01:01:47]  [%emt 00:03:13]}
18. Be4 {[%clk 01:08:52]  [%emt 00:06:14]} 18... Rb8 {[%clk 01:02:16]} 19. Rac1
{[%clk 01:06:22]  [%emt 00:02:20]} 19... Be6 {[%clk 01:01:44]  [%emt 00:01:01]}
20. Qc3 {[%clk 01:06:09]  [%emt 00:00:46]} 20... Qf4 {
[%clk 00:58:35]  [%emt 00:03:37]} 21. Qe5 {[%clk 01:06:19]  [%emt 00:00:23]}
21... Qxe5 {[%clk 00:49:47]  [%emt 00:09:40]} 22. Nxe5 {
[%clk 01:05:45]  [%emt 00:00:38]} 22... Rfd8 {[%clk 00:45:09]  [%emt 00:05:15]}
23. Rfd1 {[%clk 01:02:05]  [%emt 00:04:04]} 23... f6 {
[%clk 00:33:25]  [%emt 00:12:16]} 24. Rxd8+ {[%clk 01:01:00]  [%emt 00:01:33]}
24... Rxd8 {[%clk 00:33:54]  [%emt 00:00:22]} 25. Nf3 {
[%clk 01:00:58]  [%emt 00:00:09]} 25... Nc6 {[%clk 00:28:07]  [%emt 00:06:19]}
26. a3 {[%clk 00:55:45]  [%emt 00:05:49]} 26... Bd5 {[%clk 00:28:35]} 27. Bxd5+
{[%clk 00:54:10]  [%emt 00:01:59]} 27... Rxd5 {[%clk 00:29:04]  [%emt 00:00:09]
} 28. Kf1 {[%clk 00:54:14]  [%emt 00:00:25]} 28... Kf7 {[%clk 00:29:33]} 29.
Ke2 {[%clk 00:54:02]  [%emt 00:00:38]} 29... Ke6 {
[%clk 00:26:17]  [%emt 00:03:46]} 30. Rc3 {[%clk 00:53:00]  [%emt 00:01:30]}
30... Rb5 {[%clk 00:23:36]  [%emt 00:03:16]} 31. Rxc6+ {
[%clk 00:51:36]  [%emt 00:01:51]} 31... bxc6 {[%clk 00:23:41]  [%emt 00:00:43]}
32. Nd4+ {[%clk 00:51:57]} 32... Kd5 {[%clk 00:23:51]  [%emt 00:00:15]} 33.
Nxb5 {[%clk 00:52:22]  [%emt 00:00:04]} 33... cxb5 {
[%clk 00:22:56]  [%emt 00:01:25]} 34. Kd3 {[%clk 00:52:39]  [%emt 00:00:10]}
34... a5 {[%clk 00:18:43]  [%emt 00:04:42]} 35. b3 {
[%clk 00:50:25]  [%emt 00:02:49]} 35... f5 {[%clk 00:19:12]} 36. f4 {
[%clk 00:48:56]  [%emt 00:01:55]} 1/2-1/2

[Event "V Open Escacs Xàtiva"]
[Site "Xàtiva, Spain"]
[Date "2019.07.20"]
[Round "8.10"]
[White "Garcia Martin, Javier Antonio"]
[Black "Sancho Ferrer, Juan Vicente"]
[Result "0-1"]
[WhiteElo "1606"]
[BlackElo "1898"]
[PlyCount "94"]
[EventDate "2019.??.??"]

1. b3 {[%clk 01:30:00]} 1... f5 {[%clk 01:30:37]  [%emt 00:00:34]} 2. Bb2 {
[%clk 01:29:45]  [%emt 00:00:34]} 2... d6 {[%clk 01:30:57]  [%emt 00:00:25]} 3.
d4 {[%clk 01:26:28]  [%emt 00:03:33]} 3... e6 {[%clk 01:30:55]  [%emt 00:00:28]
} 4. g3 {[%clk 01:23:06]  [%emt 00:03:52]} 4... Nf6 {
[%clk 01:31:09]  [%emt 00:00:19]} 5. Bg2 {[%clk 01:22:26]  [%emt 00:01:32]}
5... g6 {[%clk 01:31:06]  [%emt 00:00:14]} 6. Nf3 {
[%clk 01:18:22]  [%emt 00:04:27]} 6... Bg7 {[%clk 01:31:15]  [%emt 00:00:23]}
7. O-O {[%clk 01:18:39]  [%emt 00:00:35]} 7... O-O {[%clk 01:28:06]} 8. c4 {
[%clk 01:16:25]  [%emt 00:06:08]} 8... h6 {[%clk 01:28:22]  [%emt 00:00:15]} 9.
Nc3 {[%clk 01:09:28]  [%emt 00:07:41]} 9... c6 {
[%clk 01:28:05]  [%emt 00:00:24]} 10. Qc2 {[%clk 01:08:27]  [%emt 00:01:30]}
10... g5 {[%clk 01:28:01]  [%emt 00:01:11]} 11. Rad1 {
[%clk 01:02:20]  [%emt 00:06:03]} 11... Qe8 {[%clk 01:26:55]  [%emt 00:01:34]}
12. Ne1 {[%clk 00:55:45]  [%emt 00:07:07]} 12... e5 {
[%clk 01:26:43]  [%emt 00:00:43]} 13. dxe5 {[%clk 00:51:30]  [%emt 00:04:45]}
13... dxe5 {[%clk 01:26:57]  [%emt 00:00:14]} 14. e4 {
[%clk 00:46:00]  [%emt 00:06:17]} 14... f4 {[%clk 01:27:07]  [%emt 00:00:04]}
15. Qe2 {[%clk 00:41:37]  [%emt 00:05:11]} 15... g4 {
[%clk 01:25:25]  [%emt 00:01:51]} 16. f3 {[%clk 00:41:00]  [%emt 00:01:08]}
16... fxg3 {[%clk 01:23:26]  [%emt 00:03:18]} 17. hxg3 {[%clk 00:41:27]} 17...
Qg6 {[%clk 01:23:04]  [%emt 00:00:06]} 18. f4 {[%clk 00:39:37]  [%emt 00:02:39]
} 18... Nbd7 {[%clk 01:19:59]  [%emt 00:01:28]} 19. Nd3 {[%clk 00:40:06]} 19...
Qh5 {[%clk 01:19:30]  [%emt 00:02:47]} 20. Kf2 {
[%clk 00:35:57]  [%emt 00:04:39]} 20... exf4 {[%clk 01:18:13]  [%emt 00:01:47]}
21. Nxf4 {[%clk 00:35:15]  [%emt 00:01:19]} 21... Qc5+ {
[%clk 01:18:19]  [%emt 00:00:22]} 22. Qe3 {[%clk 00:31:50]  [%emt 00:04:21]}
22... Nh5 {[%clk 01:17:59]  [%emt 00:00:20]} 23. Qxc5 {
[%clk 00:31:58]  [%emt 00:00:28]} 23... Nxc5 {[%clk 01:17:54]  [%emt 00:00:30]}
24. Ba3 {[%clk 00:21:30]  [%emt 00:10:58]} 24... Nxf4 {
[%clk 01:17:13]  [%emt 00:01:08]} 25. gxf4 {[%clk 00:21:37]  [%emt 00:00:31]}
25... Rxf4+ {[%clk 01:17:27]  [%emt 00:00:07]} 26. Ke3 {
[%clk 00:21:38]  [%emt 00:00:30]} 26... Rxf1 {[%clk 01:16:45]  [%emt 00:01:12]}
27. Rxf1 {[%clk 00:19:42]  [%emt 00:02:29]} 27... Ne6 {
[%clk 01:16:59]  [%emt 00:00:13]} 28. Ne2 {[%clk 00:19:32]  [%emt 00:00:40]}
28... Bd7 {[%clk 01:17:18]  [%emt 00:00:20]} 29. Rd1 {
[%clk 00:18:20]  [%emt 00:01:34]} 29... Be8 {[%clk 01:16:22]  [%emt 00:01:26]}
30. Nf4 {[%clk 00:14:21]  [%emt 00:05:00]} 30... Ng5 {
[%clk 01:15:03]  [%emt 00:01:17]} 31. Be7 {[%clk 00:12:24]  [%emt 00:02:30]}
31... Be5 {[%clk 01:14:42]  [%emt 00:00:49]} 32. Nd3 {
[%clk 00:10:01]  [%emt 00:02:52]} 32... Bc7 {[%clk 01:14:40]  [%emt 00:01:12]}
33. Rf1 {[%clk 00:09:05]  [%emt 00:00:47]} 33... Bg6 {
[%clk 01:14:46]  [%emt 00:00:35]} 34. Nf4 {[%clk 00:08:20]  [%emt 00:01:19]}
34... Bf7 {[%clk 01:14:49]  [%emt 00:00:11]} 35. Bf6 {
[%clk 00:06:31]  [%emt 00:02:28]} 35... Re8 {[%clk 01:14:32]  [%emt 00:00:48]}
36. Rd1 {[%clk 00:06:08]  [%emt 00:00:44]} 36... Ne6 {
[%clk 01:14:41]  [%emt 00:00:36]} 37. Nxe6 {[%clk 00:03:47]  [%emt 00:02:35]}
37... Rxe6 {[%clk 01:13:02]  [%emt 00:02:09]} 38. Bh4 {
[%clk 00:03:40]  [%emt 00:00:39]} 38... Rd6 {[%clk 01:13:06]  [%emt 00:00:24]}
39. Rf1 {[%clk 00:03:35]  [%emt 00:00:48]} 39... h5 {
[%clk 01:12:55]  [%emt 00:00:27]} 40. Bg3 {[%clk 00:03:10]  [%emt 00:01:00]}
40... Bb6+ {[%clk 01:12:25]  [%emt 00:00:56]} 41. Ke2 {
[%clk 00:03:09]  [%emt 00:00:37]} 41... Rd7 {[%clk 01:12:48]  [%emt 00:00:06]}
42. e5 {[%clk 00:01:29]  [%emt 00:02:08]} 42... Bd8 {
[%clk 01:10:57]  [%emt 00:01:47]} 43. Be4 {[%clk 00:00:57]  [%emt 00:01:33]}
43... Bg5 {[%clk 01:11:09]  [%emt 00:00:16]} 44. Bf5 {
[%clk 00:01:00]  [%emt 00:00:30]} 44... Re7 {[%clk 01:11:07]  [%emt 00:00:31]}
45. Rd1 {[%clk 00:00:53]  [%emt 00:01:02]} 45... h4 {
[%clk 01:10:45]  [%emt 00:00:27]} 46. Rd8+ {[%clk 00:00:33]  [%emt 00:00:50]}
46... Kg7 {[%clk 01:11:10]  [%emt 00:00:35]} 47. e6 {
[%clk 00:00:52]  [%emt 00:00:02]} 47... hxg3 {[%clk 01:11:04]  [%emt 00:00:23]}
0-1